Ikea Product or Swedish Band - Sudden Death - Statistics

General Stats
  • This quiz has been taken 373 times
  • The average score is 4 of 15
Answers on the Grid
Answers color-coded by a green-red scale on the quiz's grid according to % correct below.
STRANDMON
HOVEN DROVEN
MUSTASCH
HOVÅS
DARK TRANQUILLITY
KLIPPAN
KENT
SABATON
POÄNG
BILLY
VITTSJÖ
SHINING
RÅSKOG
NAGLFAR
RIGOR MORTIS
MÖRBYLÅNGA
STENSTORP
MÅNEGARM
SMÅGÖRA
GRÖNLID
KRUX
DRÅPSNATT
LACK
HELLSONG
TIAMAT
LÖVBACKEN
VINTERSOG
HEMNES
SVARTSOT
ODGER
OPETH
THYRFING
 
Answer Stats
Answer % Correct
STRANDMON
55%
BILLY
42%
KLIPPAN
40%
HOVÅS
37%
VITTSJÖ
33%
RÅSKOG
31%
LACK
25%
POÄNG
25%
SMÅGÖRA
23%
HEMNES
21%
LÖVBACKEN
18%
GRÖNLID
17%
MÖRBYLÅNGA
15%
STENSTORP
14%
ODGER
5%
No matching quizzes found
Score Distribution
Percent of People with Each Score
Percentile by Number Answered
Your Score History
You have not taken this quiz